Goodness gracious me! / (Record no. 13988)

000 -LEADER
fixed length control field 00388nam a2200145Ia 4500
020 ## - INTERNATIONAL STANDARD BOOK NUMBER
ISBN 0021787530
040 ## - CATALOGING SOURCE
Transcribing agency CGP
082 ## - DEWEY DECIMAL CLASSIFICATION NUMBER
Classification number 418 MAC 1993 A024 Or.
245 00 - TITLE STATEMENT
Title Goodness gracious me! /
260 ## - PUBLICATION, DISTRIBUTION, ETC. (IMPRINT)
Place of publication New York :
Name of publisher Macmillan/McGraw-Hill School Pub. Co.,
Year of publication c1993.
300 ## - PHYSICAL DESCRIPTION
Number of Pages 143 p. :
Other physical details col. ill. ;
Dimensions 29 cm.
650 #0 - SUBJECT ADDED ENTRY--TOPICAL TERM
Topical Term Readers (Primary)
700 1# - ADDED ENTRY--PERSONAL NAME
Personal name Aoki, Elaine Mei.
942 ## - ADDED ENTRY ELEMENTS (KOHA)
Koha item type សៀវភៅភាសាអង់គ្លេស
952 ## - LOCATION AND ITEM INFORMATION (KOHA)
Withdrawn status [LOCAL, KOHA] 0
Holdings
Permanent Location Date acquired Koha item type Lost status Shelving location Barcode Current Location Full call number
Library Block A2017-10-04សៀវភៅភាសាអង់គ្លេស A024A19687Library Block A418 MAC 1993 A024 Or.
មជ្ឈមណ្ឌលឯការនៃសាកលវិទ្យាល័យភូមិន្ទកសិកម្មចំការដូង

Powered by Koha